[Event "Tatarstan-ch"]
[Site "Kazan"]
[Date "2016.09.17"]
[Round "2"]
[White "Bogatov, Bogdan"]
[Black "Vagizov, Rinaz"]
[Result "1-0"]
[WhiteElo "1781"]
[BlackElo "1322"]
[PlyCount "72"]
[EventDate "2016.09.16"]
[EventType "swiss"]
[EventRounds "9"]
[EventCountry "RUS"]
[SourceTitle "CBM 174 Extra"]
[Source "ChessBase"]
[SourceDate "2016.10.10"]
[SourceVersion "1"]
[SourceVersionDate "2016.10.10"]
[SourceQuality "1"]

1. d4 d6 2. Bf4 Nf6 3. e3 Nbd7 4. Nf3 Nb6 5. Bd3 Bg4 6. h3 Bh5 7. Nbd2 e6 8. 0-0 Be7 9. e4 0-0 10. Re1 d5 11. e5 Nfd7 12. Nf1 c5 13. c3 Rc8 14. Ng3 Bg6 15. Nh2 cxd4 16. cxd4 Nc4 17. Re2 Qb6 18. b3 Na3 19. Bxg6 hxg6 20. Nf3 Nb5 21. Qd3 Rc3 22. Qd2 Rfc8 23. Be3 Bb4 24. Qd1 a5 25. Ne1 R8c6 26. Nf1 Qc7 27. Nh2 Nb8 28. Nhf3 Rb6 29. Nc2 Na6 30. Nfe1 Rbc6 31. Nxb4 Nxb4 32. Bd2 Nc2 33. Nxc2 Rxc2 34. Bxa5 Qc8 35. Rxc2 Rxc2 36. Bb6 Qc3 1-0

[Event "Nezhmetdinov Memorial 38th"]
[Site "Kazan"]
[Date "2016.06.06"]
[Round "7"]
[White "Bogatov, Bogdan"]
[Black "Gavrilin, Roman"]
[Result "1/2-1/2"]
[WhiteElo "1680"]
[BlackElo "1753"]
[PlyCount "95"]
[EventDate "2016.05.31"]
[EventType "swiss"]
[EventRounds "9"]
[EventCountry "RUS"]
[SourceTitle "CBM 172 Extra"]
[Source "ChessBase"]
[SourceDate "2016.06.21"]
[SourceVersion "1"]
[SourceVersionDate "2016.06.21"]
[SourceQuality "1"]

1. d4 d5 2. Bf4 Nf6 3. e3 e6 4. Nf3 c5 5. Nbd2 Nc6 6. c3 Bd6 7. Ne5 0-0 8. Bd3 Qc7 9. Ndf3 b6 10. h3 Bb7 11. 0-0 Rac8 12. Re1 h6 13. Bh2 Nd7 14. Nxd7 Bxh2+ 15. Nxh2 Qxd7 16. Nf3 Qc7 17. Bb5 Ne7 18. Bd3 a6 19. Bc2 c4 20. Rc1 Nc6 21. e4 dxe4 22. Bxe4 Ne7 23. Bxb7 Qxb7 24. Ne5 Nd5 25. Qg4 Nf6 26. Qh4 Qd5 27. Re3 Nd7 28. Nxd7 Qxd7 29. Rce1 Qd8 30. Qf4 Qc7 31. Qh4 Kh8 32. Rg3 Qd8 33. Qg4 Rg8 34. Qh5 Qd7 35. Rf3 Rgf8 36. Rg3 Kh7 37. Re4 g6 38. Qe2 Qa4 39. a3 Qd7 40. h4 h5 41. Rge3 Qd8 42. g3 b5 43. Re5 Kg7 44. R3e4 Rh8 45. Kg2 Qd6 46. Kf1 Qc6 47. Kg1 Rcd8 48. Rc5 1/2-1/2

[Event "Nezhmetdinov Memorial 38th"]
[Site "Kazan"]
[Date "2016.06.05"]
[Round "6"]
[White "Danilova, Rada"]
[Black "Bogatov, Bogdan"]
[Result "0-1"]
[WhiteElo "1808"]
[BlackElo "1680"]
[PlyCount "34"]
[EventDate "2016.05.31"]
[EventType "swiss"]
[EventRounds "9"]
[EventCountry "RUS"]
[SourceTitle "CBM 172 Extra"]
[Source "ChessBase"]
[SourceDate "2016.06.21"]
[SourceVersion "1"]
[SourceVersionDate "2016.06.21"]
[SourceQuality "1"]

1. d4 Nf6 2. c4 e6 3. Nf3 b6 4. g3 Bb7 5. Bg2 Be7 6. Nc3 0-0 7. 0-0 d5 8. cxd5 Nxd5 9. Re1 c5 10. e4 cxd4 11. exd5 dxc3 12. dxe6 Qxd1 13. exf7+ Rxf7 14. Rxd1 Bxf3 15. Bxf3 Rxf3 16. bxc3 Rxc3 17. Re1 Nc6 0-1